Sports Quiz

Random Sports or Nation Quiz
Score 0/25 Timer 20:00
0 Plays Today
Nation Player % Correct
FranceThierry Henry
100%
SwedenFredrik Ljungberg
97.6%
NetherlandsRobin van Persie
97.2%
TogoEmmanuel Adebayor
97.2%
RussiaAndrei Arshavin
96.2%
EnglandIan Wright
95.1%
SpainCesc Fabregas
93%
Czech RepublicTomas Rosicky
93%
DenmarkNicklas Bendtner
92.7%
NigeriaNwankwo Kanu
90.9%
BrazilGilberto Silva
89.5%
BelarusAleksandr Hleb
89.5%
IsraelYossi Benayoun
88.9%
Nation Player % Correct
CameroonLauren & Alex Song
86.8%
BelgiumThomas Vermaelen
85.7%
MoroccoMarouane Chamakh
85%
Ivory CoastKolo Toure
84.3%
MexicoCarlos Vela
80.8%
SwitzerlandPhilippe Senderos
80.1%
GermanyLukas Podolski
78.7%
CroatiaDavor Suker
71.1%
LiberiaChristopher Wreh
67.9%
WalesJohn Hartson
59.9%
ScotlandPaul Dickov
22.3%
Northern IrelandSteve Morrow
19.9%

You're not logged in!

Compare scores with friends on all Sporcle quizzes.
OR
Log In

Sporcle TV

Today on Sporcle TV


Watch our educational content, quiz creation guides, and fun videos on Sporcle TV.

Show Comments

Extras

Top Quizzes Today


Score Distribution

Paid Content

Your Account Isn't Verified!

In order to create a playlist on Sporcle, you need to verify the email address you used during registration. Go to your Sporcle Settings to finish the process.

Report this User

Report this user for behavior that violates our Community Guidelines.

Details: